000
00286nam a2200097Ia 4500
008
220214s9999 xx 000 0 und d
245
0
_a
Mites on arecanut and their control
260
_b
Leaflet No.2 Issued by The Indian Central Arecanut Committee, Kozhikode
300
_a
3p
942
_c
RE
999
_c
46404
_d
46404